Sports Quiz

Random Sports or Clickable Quiz

Team Formation Matching Quiz Stats

 Plays Quiz not verified by Sporcle

Also try: NFL Jumble
Challenge
Share
Tweet
Score 0/17 Timer 10:00
0 Plays Today
% Correct
1998
87.5%
1995
87.5%
1962
81.3%
1995
81.3%
2000
81.3%
1901
75%
1883
68.8%
1969
68.8%
1949
68.8%
% Correct
1917
68.8%
1960
62.5%
1926
56.3%
1972
56.3%
1937
50%
1976
43.8%
1974
43.8%
1946
43.8%

You're not logged in!

Compare scores with friends on all Sporcle quizzes.
OR
Log In

You Might Also Like...

Show Comments

Extras

Top Quizzes Today


Score Distribution

Your Account Isn't Verified!

In order to create a playlist on Sporcle, you need to verify the email address you used during registration. Go to your Sporcle Settings to finish the process.

Report this User

Report this user for behavior that violates our Community Guidelines.

Details: